| 000 | 00474nam a2200193 a 4500 | ||
|---|---|---|---|
| 001 | 1762492939794 | ||
| 003 | ACL | ||
| 005 | 20251107105649.0 | ||
| 008 | 251107s2001##################000#0#eng## | ||
| 020 | _a9781878289872 | ||
| 082 | 0 | 4 |
_a658.4012 _bPAP |
| 100 | 1 |
_aPapp, Raymond, _eauthor. |
|
| 245 | 1 | 0 | _aStrategic Information Technology : |
| 260 |
_bIGI Global, _c2001. |
||
| 300 | _a312 pages | ||
| 650 | 0 | _aComputers. | |
| 942 | _cENGLISH | ||
| 040 |
_aACL _beng _cACL |
||
| 999 |
_c596394 _d596394 |
||